[Event "Active 1989.06"]
[Site "Montreal CAN"]
[Date "1989.06.10"]
[Round "1"]
[White "Villeneuve, Robert"]
[Black "Teuton, Frank"]
[Result "1-0"]
[WhiteElo "1815"]
[BlackElo "2123"]
[PlyCount "26"]
[GameId "2160767912519185"]
[EventDate "1989.06.10"]
[EventType "swiss (rapid)"]
[EventRounds "5"]
[EventCountry "CAN"]

1. e4 c5 2. Nf3 d6 3. d4 cxd4 4. Nxd4 Nf6 5. Nc3 g6 6. Be3 Bg7 7. f3 Nc6 8. Qd2 O-O 9. Bc4 Bd7 10. O-O-O Qb8 11. h4 Rc8 12. g4 Nxd4 13. Qxd4 Nxg4 1-0

[Event "Active 1989.06"]
[Site "Montreal CAN"]
[Date "1989.06.10"]
[Round "2"]
[White "Dupuis, Stephane"]
[Black "Teuton, Frank"]
[Result "1/2-1/2"]
[WhiteElo "2123"]
[BlackElo "2285"]
[PlyCount "77"]
[GameId "2160767912519186"]
[EventDate "1989.06.10"]
[EventType "swiss (rapid)"]
[EventRounds "5"]
[EventCountry "CAN"]

1. d4 Nf6 2. c4 c5 3. d5 g6 4. Nf3 b5 5. cxb5 a6 6. Nc3 axb5 7. Nxb5 Ba6 8. Nc3 d6 9. e4 Bxf1 10. Kxf1 Nbd7 11. g3 Bg7 12. Kg2 O-O 13. h3 Qb6 14. Re1 Qb7 15. Re2 Rfb8 16. Rb1 Ne8 17. Rc2 Nc7 18. Bg5 Kf8 19. Qc1 Ne5 20. Bh6 Nxf3 21. Kxf3 Nb5 22. Bxg7+ Kxg7 23. Rd2 Nd4+ 24. Kg2 e6 25. b4 Qe7 26. bxc5 dxc5 27. a4 exd5 28. exd5 Rd8 29. Rd3 Rxd5 30. Nxd5 Qe4+ 31. Kh2 Qxd3 32. Qxc5 Rc8 33. Qxc8 Qxb1 34. Qc3 Qe4 35. Ne3 Kf8 36. Qc5+ Ke8 37. a5 Nf3+ 38. Kg2 Nd2+ 39. Kg1 1/2-1/2

[Event "Active 1989.06"]
[Site "Montreal CAN"]
[Date "1989.06.10"]
[Round "4"]
[White "Teuton, Frank"]
[Black "Mercier, Andre"]
[Result "1-0"]
[WhiteElo "2123"]
[BlackElo "1700"]
[PlyCount "75"]
[GameId "2160767912519188"]
[EventDate "1989.06.10"]
[EventType "swiss (rapid)"]
[EventRounds "5"]
[EventCountry "CAN"]

1. e4 e6 2. d4 d5 3. Nc3 dxe4 4. Nxe4 Qd5 5. Bd3 Nf6 6. Nxf6+ gxf6 7. Qf3 Qxf3 8. Nxf3 Rg8 9. Bf4 Bd6 10. Bg3 h5 11. O-O-O Nc6 12. Bb5 Bd7 13. d5 Ne5 14. Bxd7+ Nxd7 15. dxe6 fxe6 16. Bxd6 cxd6 17. Rxd6 Ke7 18. Rhd1 Nc5 19. g3 Rgd8 20. Rxd8 Rxd8 21. Rxd8 Kxd8 22. Kd2 Kd7 23. Ne1 Na6 24. Nd3 Nc7 25. Nf4 h4 26. gxh4 e5 27. Ng6 Ke6 28. h5 Kf7 29. f4 e4 30. f5 Nd5 31. c4 Nb6 32. b3 Nd7 33. Ke3 Nc5 34. h6 Kg8 35. Ne7+ Kh7 36. Nd5 Kxh6 37. Nxf6 Kg5 38. Nxe4+ 1-0

[Event "Active 1989.07"]
[Site "Montreal CAN"]
[Date "1989.07.15"]
[Round "6"]
[White "Teuton, Frank"]
[Black "Cazelais, Marc"]
[Result "1-0"]
[WhiteElo "2123"]
[BlackElo "2038"]
[PlyCount "61"]
[GameId "2160767912519045"]
[EventDate "1989.07.15"]
[EventType "swiss (rapid)"]
[EventCountry "CAN"]

1. e4 e5 2. Nc3 Nf6 3. g3 Bc5 4. Bg2 d6 5. Na4 Bb6 6. Nxb6 axb6 7. Ne2 Nc6 8. O-O Bg4 9. f3 Bd7 10. d4 O-O 11. c3 Ne8 12. f4 Bg4 13. d5 Ne7 14. h3 Bxe2 15. Qxe2 f5 16. fxe5 dxe5 17. exf5 Nxf5 18. Qxe5 Ned6 19. b3 Re8 20. Qf4 Ne7 21. c4 Ng6 22. Qd4 Rf8 23. Bb2 Rxf1+ 24. Rxf1 Qe7 25. a4 Re8 26. Kh2 Qe5 27. Qxe5 Nxe5 28. g4 Nd3 29. Bd4 Nc5 30. Rf3 Re2 31. h4 1-0

[Event "Active 1989.09"]
[Site "Montreal CAN"]
[Date "1989.09.16"]
[Round "?"]
[White "Teuton, Frank"]
[Black "Muskat, Paul"]
[Result "1-0"]
[WhiteElo "2107"]
[BlackElo "1600"]
[PlyCount "23"]
[GameId "2160767912502421"]
[EventDate "1989.09.16"]
[EventType "swiss (rapid)"]
[EventCountry "CAN"]

1. e4 c6 2. d4 d5 3. Nd2 dxe4 4. Nxe4 Nd7 5. Nf3 Ngf6 6. Nxf6+ Nxf6 7. Bd3 Bg4 8. c3 e6 9. O-O c5 10. dxc5 Bxc5 11. Qa4+ Qd7 12. Bb5 1-0

[Event "Active 1989.10"]
[Site "Trois-Rivieres CAN"]
[Date "1989.10.14"]
[Round "2"]
[White "Leriche, Felix"]
[Black "Teuton, Frank"]
[Result "0-1"]
[WhiteElo "2185"]
[BlackElo "2186"]
[PlyCount "60"]
[GameId "2160767912502405"]
[EventDate "1989.10.14"]
[EventType "swiss (rapid)"]
[EventCountry "CAN"]

1. Nf3 g6 2. g3 Bg7 3. Bg2 e5 4. e4 Ne7 5. Nc3 O-O 6. O-O Nbc6 7. d3 d6 8. Nh4 h6 9. f4 f5 10. Nf3 exf4 11. gxf4 fxe4 12. dxe4 Bg4 13. Re1 Qd7 14. Be3 Rae8 15. Qd2 Bh3 16. Bxh3 Qxh3 17. Qg2 Qh5 18. h3 d5 19. exd5 Nxd5 20. Nxd5 Qxd5 21. Red1 Qe4 22. Bc1 Nb4 23. Ne1 Qc4 24. c3 Re2 25. Qxg6 Qc5+ 26. Kh1 Qf2 27. Qg1 Qh4 28. Qf1 Rf2 29. Qc4+ Kh8 30. Kg1 Qg3+ 0-1

[Event "Active 1989.12"]
[Site "Montreal CAN"]
[Date "1989.12.16"]
[Round "2"]
[White "Picard, Claude"]
[Black "Teuton, Frank"]
[Result "0-1"]
[WhiteElo "2068"]
[BlackElo "2110"]
[PlyCount "52"]
[GameId "2160767912494146"]
[EventDate "1989.12.16"]
[EventType "swiss (rapid)"]
[EventCountry "CAN"]

1. d4 Nf6 2. c4 c5 3. d5 b5 4. a4 bxc4 5. Nc3 d6 6. e4 g6 7. Bxc4 Bg7 8. Nf3 O-O 9. O-O Bg4 10. h3 Bxf3 11. Qxf3 Nbd7 12. Qe2 Qb6 13. a5 Qb7 14. a6 Qb6 15. Ra3 Rab8 16. f4 Nh5 17. Kh2 Rfd8 18. Nb5 Rdc8 19. Bd2 Ne5 20. Ba5 Nxc4 21. Bxb6 Nxa3 22. Nxa7 Re8 23. bxa3 Rxb6 24. e5 Nxf4 25. Rxf4 Bxe5 26. g3 Rb2 0-1

[Event "Alberta-ch"]
[Site "Calgary CAN"]
[Date "1989.??.??"]
[Round "?"]
[White "Reeve, Jeff"]
[Black "Peter, Steven"]
[Result "0-1"]
[WhiteElo "2372"]
[BlackElo "2302"]
[PlyCount "74"]
[GameId "2160767912519395"]
[EventDate "1989.05.06"]
[EventType "tourn"]
[EventRounds "7"]
[EventCountry "CAN"]

1. e4 c5 2. Nf3 d6 3. d4 cxd4 4. Nxd4 Nf6 5. Nc3 e6 6. g4 Nc6 7. g5 Nd7 8. Be3 Be7 9. h4 O-O 10. Qe2 a6 11. O-O-O Nxd4 12. Rxd4 b5 13. Kb1 Qa5 14. a3 Rb8 15. Qd2 Qc7 16. f4 Nb6 17. b3 e5 18. Nd5 Nxd5 19. Rxd5 Bb7 20. f5 Bxd5 21. exd5 Rfe8 22. g6 Rbc8 23. Rg1 Qc3 24. gxh7+ Kxh7 25. Qf2 Bf6 26. Bg5 e4 27. Bxf6 Qxf6 28. h5 e3 29. Qf3 Rc3 30. Be2 Rec8 31. Bd3 Rxd3 32. cxd3 Qc3 33. Qxe3 Qxb3+ 34. Ka1 Qxa3+ 35. Kb1 Qb3+ 36. Ka1 Qa4+ 37. Kb1 Rc2 0-1

[Event "Alberta-ch"]
[Site "Calgary CAN"]
[Date "1989.05.06"]
[Round "1"]
[White "Frialde, Arniel"]
[Black "Yearwood, Roy"]
[Result "1-0"]
[WhiteElo "2221"]
[BlackElo "2029"]
[PlyCount "91"]
[GameId "2160767912519396"]
[EventDate "1989.05.06"]
[EventType "tourn"]
[EventRounds "7"]
[EventCountry "CAN"]
[SourceTitle "EXT 2017"]
[Source "ChessBase"]
[SourceDate "2016.10.25"]
[SourceVersion "1"]
[SourceVersionDate "2016.10.25"]
[SourceQuality "1"]

1. Nf3 g6 2. d4 Bg7 3. Bf4 d6 4. e3 Nd7 5. Nbd2 Ngf6 6. h3 c5 7. c3 Rb8 8. a4 Nd5 9. Bh2 cxd4 10. exd4 a6 11. Bc4 N7f6 12. Qb3 Be6 13. Ng5 O-O 14. Nxe6 fxe6 15. O-O b5 16. axb5 axb5 17. Bd3 Nh5 18. Be2 Nhf4 19. Bg4 Qd7 20. Rae1 b4 21. Bxf4 Nxf4 22. Bxe6+ Nxe6 23. Qxe6+ Qxe6 24. Rxe6 bxc3 25. bxc3 Rfc8 26. Rxe7 Rxc3 27. Nf3 Rd3 28. Ra1 Bf8 29. Rd7 Re8 30. Raa7 h6 31. Rf7 Ra8 32. Rad7 g5 33. Kh2 Rd8 34. Kg3 h5 35. Rb7 Rb8 36. Rbc7 d5 37. Rfd7 Rb6 38. Rc8 Rf6 39. Rxd5 Kh7 40. Rcd8 Bh6 41. R5d7+ Kg6 42. Kh2 Rd1 43. Rg8+ Kf5 44. Re7 g4 45. Nh4+ Kf4 46. f3 1-0

[Event "Alberta-ch"]
[Site "Calgary CAN"]
[Date "1989.05.06"]
[Round "1"]
[White "Reeve, Jeff"]
[Black "Huber, Gregory"]
[Result "1-0"]
[WhiteElo "2394"]
[BlackElo "2118"]
[PlyCount "54"]
[GameId "2160767912519397"]
[EventDate "1989.05.06"]
[EventType "tourn"]
[EventRounds "7"]
[EventCountry "CAN"]
[SourceTitle "EXT 2017"]
[Source "ChessBase"]
[SourceDate "2016.10.25"]
[SourceVersion "1"]
[SourceVersionDate "2016.10.25"]
[SourceQuality "1"]

1. e4 c5 2. Nf3 d6 3. d4 cxd4 4. Nxd4 Nf6 5. Nc3 a6 6. Bg5 e6 7. f4 b5 8. e5 dxe5 9. fxe5 Qc7 10. Qe2 Nfd7 11. O-O-O Bb7 12. Qg4 Qxe5 13. Be2 h5 14. Qh4 g6 15. Bf3 Ra7 16. Bxb7 Rxb7 17. Kb1 Bc5 18. Rhe1 Qg7 19. Nxe6 fxe6 20. Rxe6+ Kf7 21. Qe4 Rb6 22. Rxb6 Nxb6 23. Rf1+ Kg8 24. Qe6+ Kh7 25. Rf7 N8d7 26. Ne4 Rf8 27. Rxg7+ Kxg7 1-0

[Event "Alberta-ch"]
[Site "Calgary CAN"]
[Date "1989.05.06"]
[Round "1"]
[White "Sharp, Neil"]
[Black "Gardner, Robert"]
[Result "0-1"]
[WhiteElo "2221"]
[BlackElo "2245"]
[PlyCount "52"]
[GameId "2160767912519398"]
[EventDate "1989.05.06"]
[EventType "tourn"]
[EventRounds "7"]
[EventCountry "CAN"]
[SourceTitle "EXT 2017"]
[Source "ChessBase"]
[SourceDate "2016.10.25"]
[SourceVersion "1"]
[SourceVersionDate "2016.10.25"]
[SourceQuality "1"]

1. e4 c5 2. Nf3 d6 3. d4 cxd4 4. Nxd4 Nf6 5. Nc3 a6 6. Be2 e6 7. O-O Be7 8. f4 Qc7 9. a4 Nc6 10. Be3 O-O 11. Qe1 Na5 12. Rd1 Nc4 13. Bc1 e5 14. Nb3 exf4 15. Rxf4 Ne5 16. Be3 Ng6 17. Rf1 Re8 18. Qf2 Bd8 19. Bg5 Be6 20. Nd4 h6 21. Be3 Ng4 22. Nxe6 Nxf2 23. Nxc7 Nxd1 24. Nxe8 Nxe3 25. Rf3 Bb6 26. Nxd6 Nc4+ 0-1

[Event "Alberta-ch"]
[Site "Calgary CAN"]
[Date "1989.05.06"]
[Round "2"]
[White "Gardner, Robert"]
[Black "Plante, Rejean"]
[Result "1/2-1/2"]
[WhiteElo "2245"]
[BlackElo "2151"]
[PlyCount "131"]
[GameId "2160767912519399"]
[EventDate "1989.05.06"]
[EventType "tourn"]
[EventRounds "7"]
[EventCountry "CAN"]
[SourceTitle "EXT 2017"]
[Source "ChessBase"]
[SourceDate "2016.10.25"]
[SourceVersion "1"]
[SourceVersionDate "2016.10.25"]
[SourceQuality "1"]

1. e4 c5 2. Nc3 Nc6 3. g3 g6 4. Bg2 Bg7 5. d3 e6 6. Be3 d6 7. f4 Nge7 8. Nf3 a6 9. O-O O-O 10. Qd2 Qc7 11. Nd1 f5 12. c3 Rb8 13. Nf2 b5 14. h4 b4 15. h5 bxc3 16. bxc3 Qa5 17. Rac1 gxh5 18. Nh4 d5 19. exf5 exf5 20. Bf3 Bd7 21. Bxh5 Qa3 22. Nd1 d4 23. cxd4 cxd4 24. Bf2 Be6 25. Bf3 Rfc8 26. Re1 Bd7 27. Rc4 Bf6 28. Kg2 Rb4 29. Rc2 Rb5 30. Qe2 Nb4 31. Rd2 Rbc5 32. Bxd4 Rc2 33. Be3 Rxd2 34. Bxd2 Rc2 35. Nf2 Qxa2 36. Rd1 Kf8 37. Bb7 a5 38. Nf3 a4 39. Rh1 Qe6 40. Qxe6 Bxe6 41. Bxb4 Rb2 42. Bxe7+ Bxe7 43. Bc6 a3 44. Nd4 Bg8 45. Nxf5 a2 46. Ra1 Bf6 47. d4 Be6 48. Kf3 Bxf5 49. Bd5 Bb1 50. Bxa2 Bxa2 51. Rd1 Bd5+ 52. Ke3 Be7 53. Rd3 Bb4 54. Ne4 Bc4 55. Rd1 Rb3+ 56. Kf2 Rb2+ 57. Kg1 Re2 58. Nf2 Be1 59. Nh1 Bd5 60. Kf1 Re3 61. Rxe1 Rxe1+ 62. Kxe1 Bxh1 63. Kf2 Kf7 64. g4 Ke6 65. Kg3 Bd5 66. Kh4 1/2-1/2

[Event "Alberta-ch"]
[Site "Calgary CAN"]
[Date "1989.05.06"]
[Round "2"]
[White "Huber, Gregory"]
[Black "Frialde, Arniel"]
[Result "1-0"]
[WhiteElo "2118"]
[BlackElo "2221"]
[PlyCount "104"]
[GameId "2160767912519400"]
[EventDate "1989.05.06"]
[EventType "tourn"]
[EventRounds "7"]
[EventCountry "CAN"]
[SourceTitle "EXT 2017"]
[Source "ChessBase"]
[SourceDate "2016.10.25"]
[SourceVersion "1"]
[SourceVersionDate "2016.10.25"]
[SourceQuality "1"]

1. e4 c5 2. Nc3 e6 3. Nge2 Nc6 4. g3 Nf6 5. Bg2 a6 6. O-O Qc7 7. d3 b5 8. h3 Bb7 9. Be3 Be7 10. Qd2 O-O 11. f4 d6 12. g4 Rfd8 13. Ng3 d5 14. exd5 exd5 15. Bf2 d4 16. Nce4 Nd5 17. f5 f6 18. Nh5 Ne3 19. Rfe1 Nxg2 20. Kxg2 Bd6 21. g5 Qf7 22. Qe2 fxg5 23. f6 g6 24. Nhg3 Ne5 25. Kg1 Qd5 26. Rf1 Nf7 27. Rae1 Bf4 28. Qf3 Re8 29. Ne2 Qf5 30. Nxf4 gxf4 31. c3 Ng5 32. Nxg5 Bxf3 33. f7+ Qxf7 34. Nxf7 Kxf7 35. Bh4 Rxe1 36. Bxe1 Re8 37. cxd4 g5 38. dxc5 Be2 39. Rf2 Bxd3 40. Bc3 Re2 41. Rxe2 Bxe2 42. b4 Bc4 43. a3 Be6 44. Kh2 Bd7 45. h4 h6 46. Kg2 Kg6 47. Be5 Bc6+ 48. Kg1 Kh5 49. hxg5 hxg5 50. Kf2 Kg4 51. Bd4 Kf5 52. Bc3 g4 1-0

[Event "Alberta-ch"]
[Site "Calgary CAN"]
[Date "1989.05.06"]
[Round "2"]
[White "Sharp, Neil"]
[Black "Reeve, Jeff"]
[Result "1-0"]
[WhiteElo "2221"]
[BlackElo "2394"]
[PlyCount "83"]
[GameId "2160767912519401"]
[EventDate "1989.05.06"]
[EventType "tourn"]
[EventRounds "7"]
[EventCountry "CAN"]
[SourceTitle "EXT 2017"]
[Source "ChessBase"]
[SourceDate "2016.10.25"]
[SourceVersion "1"]
[SourceVersionDate "2016.10.25"]
[SourceQuality "1"]

1. e4 d6 2. d4 Nf6 3. Nc3 g6 4. Nf3 Bg7 5. Be2 O-O 6. O-O c6 7. a4 Qc7 8. h3 Nbd7 9. Be3 e5 10. dxe5 dxe5 11. Bc4 Nb6 12. Bb3 Be6 13. Bxe6 fxe6 14. Qe2 Nh5 15. a5 Nd7 16. Qc4 Rae8 17. Bxa7 Nf4 18. Nh2 Ra8 19. Be3 Kh8 20. Rfd1 Nf6 21. Bxf4 exf4 22. Qxe6 Rxa5 23. Rxa5 Qxa5 24. Nf3 Qb4 25. Qb3 Qe7 26. e5 Ne8 27. Qb6 h6 28. Qd4 g5 29. Ne4 Rf5 30. Qd7 Rxe5 31. Nxe5 Qxe5 32. Nd6 Nxd6 33. Qxd6 Qf5 34. Qb8+ Kh7 35. Qxb7 f3 36. Rd7 Qe5 37. Rxg7+ Qxg7 38. Qxg7+ Kxg7 39. gxf3 Kf6 40. Kf1 Ke5 41. c3 Kd5 42. b3 1-0

[Event "Alberta-ch"]
[Site "Calgary CAN"]
[Date "1989.05.06"]
[Round "2"]
[White "Yearwood, Roy"]
[Black "South, Robert"]
[Result "0-1"]
[WhiteElo "2029"]
[BlackElo "2280"]
[PlyCount "58"]
[GameId "2160767912519402"]
[EventDate "1989.05.06"]
[EventType "tourn"]
[EventRounds "7"]
[EventCountry "CAN"]
[SourceTitle "EXT 2017"]
[Source "ChessBase"]
[SourceDate "2016.10.25"]
[SourceVersion "1"]
[SourceVersionDate "2016.10.25"]
[SourceQuality "1"]

1. c4 e5 2. Nc3 Nf6 3. g3 Bb4 4. Bg2 O-O 5. Qc2 Nc6 6. e3 Bxc3 7. dxc3 e4 8. Ne2 Re8 9. Nf4 d6 10. h3 g5 11. Nd5 Bf5 12. f3 exf3 13. Qxf5 fxg2 14. Rg1 Nxd5 15. cxd5 Re5 16. Qf3 Ne7 17. c4 Nf5 18. Rxg2 Qe7 19. Re2 Re8 20. Qg4 h5 21. Qxh5 Nxg3 22. Qg4 Nxe2 23. Kxe2 Rxe3+ 24. Bxe3 Qxe3+ 25. Kf1 Re4 26. Qc8+ Kg7 27. Kg2 Qf4 28. Rf1 Re2+ 29. Kh1 Qh2# 0-1

[Event "Alberta-ch"]
[Site "Calgary CAN"]
[Date "1989.05.07"]
[Round "3"]
[White "Frialde, Arniel"]
[Black "Sharp, Neil"]
[Result "1-0"]
[WhiteElo "2221"]
[BlackElo "2221"]
[PlyCount "107"]
[GameId "2160767912519403"]
[EventDate "1989.05.06"]
[EventType "tourn"]
[EventRounds "7"]
[EventCountry "CAN"]
[SourceTitle "EXT 2017"]
[Source "ChessBase"]
[SourceDate "2016.10.25"]
[SourceVersion "1"]
[SourceVersionDate "2016.10.25"]
[SourceQuality "1"]

1. d4 d5 2. Nf3 c6 3. c4 Nf6 4. g3 Bf5 5. Bg2 e6 6. O-O h6 7. Qb3 Qb6 8. c5 Qxb3 9. axb3 Nbd7 10. Nc3 Be7 11. b4 Ne4 12. Nd2 Nxc3 13. bxc3 O-O 14. f3 a6 15. e4 Bg6 16. Re1 Rae8 17. Nb3 Bg5 18. Bxg5 hxg5 19. Na5 Rb8 20. exd5 exd5 21. Re7 Rfd8 22. Bh3 f5 23. Rae1 Kf8 24. Kf2 Bh7 25. Bf1 Bg8 26. Bd3 g6 27. h3 Bf7 28. g4 f4 29. h4 gxh4 30. g5 h3 31. Bf1 h2 32. Kg2 Re8 33. Rxe8+ Bxe8 34. Kxh2 Kf7 35. Bh3 Nf8 36. Rg1 Ke7 37. Re1+ Kf7 38. Nb3 Bd7 39. Nc1 Bxh3 40. Kxh3 Ne6 41. Kg4 Rh8 42. Nd3 Rh2 43. Nxf4 Nc7 44. Kg3 Rc2 45. Rh1 Ne6 46. Nxe6 Kxe6 47. Kf4 Rxc3 48. Rh6 Kf7 49. Rh7+ Kg8 50. Rxb7 Rd3 51. Ke5 Rxf3 52. Kd6 Rf4 53. Kxc6 Rxd4 54. Kd6 1-0

[Event "Alberta-ch"]
[Site "Calgary CAN"]
[Date "1989.05.07"]
[Round "3"]
[White "Reeve, Jeff"]
[Black "Gardner, Robert"]
[Result "1-0"]
[WhiteElo "2394"]
[BlackElo "2245"]
[PlyCount "55"]
[GameId "2160767912519404"]
[EventDate "1989.05.06"]
[EventType "tourn"]
[EventRounds "7"]
[EventCountry "CAN"]
[SourceTitle "EXT 2017"]
[Source "ChessBase"]
[SourceDate "2016.10.25"]
[SourceVersion "1"]
[SourceVersionDate "2016.10.25"]
[SourceQuality "1"]

1. e4 c5 2. Nf3 d6 3. d4 cxd4 4. Nxd4 Nf6 5. Nc3 a6 6. Be3 e6 7. f4 Be7 8. Qf3 Qc7 9. g4 b5 10. Bd3 Bb7 11. O-O-O Nc6 12. g5 Nd7 13. Kb1 Nc5 14. f5 b4 15. Nce2 e5 16. Nxc6 Bxc6 17. f6 gxf6 18. gxf6 Bf8 19. Bxc5 dxc5 20. Rhg1 Bb5 21. Bxb5+ axb5 22. Qd3 Rb8 23. Rg5 Bh6 24. Rh5 Bf4 25. Nxf4 exf4 26. Qd5 Kf8 27. Re5 Re8 28. Rxe8+ 1-0

[Event "Alberta-ch"]
[Site "Calgary CAN"]
[Date "1989.05.07"]
[Round "3"]
[White "South, Robert"]
[Black "Huber, Gregory"]
[Result "1-0"]
[WhiteElo "2280"]
[BlackElo "2118"]
[PlyCount "51"]
[GameId "2160767912519405"]
[EventDate "1989.05.06"]
[EventType "tourn"]
[EventRounds "7"]
[EventCountry "CAN"]
[SourceTitle "EXT 2017"]
[Source "ChessBase"]
[SourceDate "2016.10.25"]
[SourceVersion "1"]
[SourceVersionDate "2016.10.25"]
[SourceQuality "1"]

1. c4 e5 2. Nc3 Nc6 3. g3 g6 4. Bg2 Bg7 5. e3 Nge7 6. Nge2 d6 7. d4 exd4 8. exd4 Nf5 9. d5 Ne5 10. O-O O-O 11. b3 Re8 12. Bb2 Bd7 13. Qd2 h5 14. Ne4 a6 15. Rac1 Qe7 16. Rfe1 Nd3 17. Bxg7 Nxc1 18. Ba1 Nxe2+ 19. Rxe2 Qd8 20. Qb2 Kh7 21. Nf6+ Qxf6 22. Qxf6 Rxe2 23. Qxf7+ Kh6 24. Bf6 Re1+ 25. Bf1 Rae8 26. h4 1-0

[Event "Alberta-ch"]
[Site "Calgary CAN"]
[Date "1989.05.13"]
[Round "4"]
[White "Gardner, Robert"]
[Black "Yearwood, Roy"]
[Result "1-0"]
[WhiteElo "2245"]
[BlackElo "2029"]
[PlyCount "96"]
[GameId "2160767912519406"]
[EventDate "1989.05.06"]
[EventType "tourn"]
[EventRounds "7"]
[EventCountry "CAN"]
[SourceTitle "EXT 2017"]
[Source "ChessBase"]
[SourceDate "2016.10.25"]
[SourceVersion "1"]
[SourceVersionDate "2016.10.25"]
[SourceQuality "1"]

1. e4 g6 2. d4 Bg7 3. Nc3 d6 4. Nf3 Bg4 5. Be3 Nc6 6. Bb5 a6 7. Bxc6+ bxc6 8. h3 Bxf3 9. Qxf3 e5 10. O-O-O exd4 11. Bxd4 Qg5+ 12. Kb1 Bxd4 13. Rxd4 Ne7 14. Rb4 O-O 15. h4 Qe5 16. h5 Rab8 17. Rxb8 Rxb8 18. hxg6 fxg6 19. Qh3 h5 20. Qd3 Rf8 21. f3 Qg3 22. Qe2 a5 23. Qd2 Qe5 24. Ne2 Rb8 25. Qc3 Qb5 26. Nf4 Kf7 27. g4 Qe5 28. Qxe5 dxe5 29. Nd3 Kf6 30. gxh5 Rh8 31. h6 g5 32. Nf2 Ng6 33. Ng4+ Ke6 34. Rh5 Nh4 35. Rxg5 Nxf3 36. Rg6+ Ke7 37. Rxc6 Nd2+ 38. Kc1 Nxe4 39. Rxc7+ Ke6 40. Rc4 Kf5 41. Ne3+ Kf4 42. Ng2+ Kf3 43. Nh4+ Ke3 44. b3 Rf8 45. Ng6 Rf1+ 46. Kb2 Rh1 47. Nxe5 Nd2 48. Ra4 Nf3 1-0

[Event "Alberta-ch"]
[Site "Calgary CAN"]
[Date "1989.05.13"]
[Round "4"]
[White "Huber, Gregory"]
[Black "Plante, Rejean"]
[Result "1-0"]
[WhiteElo "2118"]
[BlackElo "2151"]
[PlyCount "91"]
[GameId "2160767912519407"]
[EventDate "1989.05.06"]
[EventType "tourn"]
[EventRounds "7"]
[EventCountry "CAN"]
[SourceTitle "EXT 2017"]
[Source "ChessBase"]
[SourceDate "2016.10.25"]
[SourceVersion "1"]
[SourceVersionDate "2016.10.25"]
[SourceQuality "1"]

1. e4 e5 2. Nc3 Nc6 3. Bc4 Nf6 4. d3 Na5 5. Nge2 Nxc4 6. dxc4 d6 7. O-O c6 8. Qd3 Be6 9. f4 Qb6+ 10. Kh1 Ng4 11. f5 Bd7 12. Qg3 h5 13. Na4 Qb4 14. b3 c5 15. Nac3 Bc6 16. a3 Qa5 17. Rd1 Nf6 18. Qd3 Be7 19. Ng3 h4 20. Nf1 h3 21. g3 O-O-O 22. Ne3 Qc7 23. b4 b6 24. Ncd5 Nxd5 25. Nxd5 Bxd5 26. Qxd5 Qb7 27. Qd3 Rh5 28. Qf3 g6 29. g4 Rh4 30. Rd5 gxf5 31. gxf5 Rg8 32. f6 Bf8 33. Be3 Rgg4 34. Rg1 Rxg1+ 35. Bxg1 cxb4 36. Qg3 Rh8 37. axb4 Qc6 38. c5 Kb7 39. c4 bxc5 40. bxc5 Kc7 41. cxd6+ Bxd6 42. c5 Bf8 43. Qxe5+ Kc8 44. Qd4 Kc7 45. Bf2 Qe6 46. Bg3+ 1-0

[Event "Alberta-ch"]
[Site "Calgary CAN"]
[Date "1989.05.13"]
[Round "4"]
[White "Reeve, Jeff"]
[Black "Frialde, Arniel"]
[Result "1-0"]
[WhiteElo "2394"]
[BlackElo "2221"]
[PlyCount "105"]
[GameId "2160767912519408"]
[EventDate "1989.05.06"]
[EventType "tourn"]
[EventRounds "7"]
[EventCountry "CAN"]
[SourceTitle "EXT 2017"]
[Source "ChessBase"]
[SourceDate "2016.10.25"]
[SourceVersion "1"]
[SourceVersionDate "2016.10.25"]
[SourceQuality "1"]

1. e4 c5 2. Nf3 e6 3. c3 Nf6 4. e5 Nd5 5. d4 cxd4 6. cxd4 Nc6 7. Nc3 Nxc3 8. bxc3 d6 9. Bd3 dxe5 10. dxe5 Be7 11. O-O O-O 12. Qe2 g6 13. Bh6 Re8 14. h4 Qc7 15. Rfe1 b6 16. h5 Bb7 17. Ng5 Rad8 18. hxg6 hxg6 19. Nxe6 Qc8 20. Nxd8 Nxd8 21. Bb5 Bc6 22. Rad1 Ne6 23. Be3 Qb7 24. Bxc6 Qxc6 25. c4 Bb4 26. Rf1 Qe4 27. Qb2 Bc5 28. Bxc5 Nxc5 29. Rfe1 Qxc4 30. Re3 Qg4 31. Rd4 Qf5 32. Qc3 Ne6 33. Rh4 g5 34. Rh6 Rd8 35. Re1 Qd3 36. Qb4 Qd7 37. Qe4 Qd2 38. Qh7+ Kf8 39. Qh8+ Ke7 40. Qf6+ Ke8 41. Rh8+ Nf8 42. Re3 Qc1+ 43. Kh2 Rd1 44. e6 Rh1+ 45. Kg3 Qc7+ 46. Re5 Rxh8 47. exf7+ Kd7 48. Qxh8 Qd6 49. Kh3 g4+ 50. Kxg4 Qg6+ 51. Rg5 Qe4+ 52. Kh3 Ne6 53. f8=N+ 1-0

[Event "Alberta-ch"]
[Site "Calgary CAN"]
[Date "1989.05.13"]
[Round "5"]
[White "Frialde, Arniel"]
[Black "Gardner, Robert"]
[Result "1-0"]
[WhiteElo "2221"]
[BlackElo "2245"]
[PlyCount "73"]
[GameId "2160767912519409"]
[EventDate "1989.05.06"]
[EventType "tourn"]
[EventRounds "7"]
[EventCountry "CAN"]
[SourceTitle "EXT 2017"]
[Source "ChessBase"]
[SourceDate "2016.10.25"]
[SourceVersion "1"]
[SourceVersionDate "2016.10.25"]
[SourceQuality "1"]

1. Nf3 c5 2. g3 g6 3. Bg2 Bg7 4. c4 Nc6 5. O-O e6 6. Nc3 Nge7 7. Ne4 d6 8. d4 f5 9. Nc3 cxd4 10. Nb5 e5 11. e3 a6 12. Na3 dxe3 13. Bxe3 Rb8 14. Qd2 Be6 15. Rfd1 Nc8 16. Ng5 Bg8 17. Bd5 N6e7 18. Bxg8 Rxg8 19. Ne6 Qd7 20. Nxg7+ Rxg7 21. Bh6 Rf7 22. c5 d5 23. Nc4 Qc7 24. Nxe5 Qxc5 25. Nxf7 Kxf7 26. Rac1 Qb6 27. Qc3 Qf6 28. Qc7 Ra8 29. Bf4 b5 30. Be5 Qe6 31. Re1 Qb6 32. Qc3 Nd6 33. Bd4 Qd8 34. Qe3 Rc8 35. Qe6+ Ke8 36. Bc5 Ne4 37. Bxe7 1-0

[Event "Alberta-ch"]
[Site "Calgary CAN"]
[Date "1989.05.13"]
[Round "5"]
[White "Plante, Rejean"]
[Black "Sharp, Neil"]
[Result "1-0"]
[WhiteElo "2151"]
[BlackElo "2221"]
[PlyCount "121"]
[GameId "2160767912519410"]
[EventDate "1989.05.06"]
[EventType "tourn"]
[EventRounds "7"]
[EventCountry "CAN"]
[SourceTitle "EXT 2017"]
[Source "ChessBase"]
[SourceDate "2016.10.25"]
[SourceVersion "1"]
[SourceVersionDate "2016.10.25"]
[SourceQuality "1"]

1. c4 c6 2. d4 d5 3. Nf3 Nf6 4. Nc3 e6 5. e3 Nbd7 6. cxd5 exd5 7. Bd3 Bd6 8. O-O O-O 9. Ne2 Re8 10. Ng3 Ne4 11. Bxe4 dxe4 12. Nd2 Nf6 13. f4 exf3 14. Qxf3 Bg4 15. Qf2 Qd7 16. h3 Bh5 17. Nf5 Bf8 18. Nc4 Bg6 19. Ne5 Qxf5 20. Qxf5 Bxf5 21. Rxf5 Bd6 22. Nc4 Bc7 23. a4 Ne4 24. b4 a6 25. Ra3 Nd6 26. Nxd6 Bxd6 27. Rb3 g6 28. Rf1 Rad8 29. Bb2 Bf8 30. b5 axb5 31. axb5 c5 32. b6 Bh6 33. Kf2 Rd5 34. g4 Bg7 35. Rd1 cxd4 36. Bxd4 Red8 37. Rbd3 R8d6 38. Rc3 Bxd4 39. exd4 Rxd4 40. Rxd4 Rxd4 41. Rc7 Rb4 42. Rxb7 Kg7 43. Ke3 Kf6 44. Kd3 Kg5 45. Kc3 Rb1 46. Kc4 Kh4 47. Kc5 Kxh3 48. g5 Kg4 49. Rxf7 Kxg5 50. Rxh7 Kg4 51. Rd7 g5 52. Rd4+ Kf3 53. Rb4 Rc1+ 54. Kd5 Rc8 55. Ke5 g4 56. Rb3+ Kf2 57. Kf4 Rc4+ 58. Kf5 g3 59. b7 Rc5+ 60. Ke4 g2 61. Rb2+ 1-0